Music Quiz

Random Music or Lyrics Quiz

Twenty One Pilots - Car Radio Lyrics Quiz Stats

Quiz not verified by Sporcle

Challenge
Share
Tweet
Embed
Score 0/287 Timer 12:00
1 Play Today
% Correct
so
97.5%
My
97.2%
my
97.2%
my
97.2%
my
97.2%
my
97.2%
my
97.2%
my
97.2%
my,
97.1%
my
97.1%
and
96.7%
and
96.7%
and
96.6%
and
96.6%
and
96.6%
and
96.6%
and
96.6%
and
96.6%
and
96.6%
And
96.6%
the
96.4%
the
96.4%
the
96.4%
the
96.4%
of
96.1%
of
96.1%
of
96.1%
of
96%
of
96%
car
95%
car
95%
car
94.9%
will
94.8%
will
94.8%
will
94.8%
will
94.8%
will
94.8%
to
94.7%
to
94.7%
to
94.7%
to
94.7%
to
94.7%
to
94.7%
to
94.7%
to
94.7%
to
94.7%
to
94.7%
to
94.7%
to
94.7%
to
94.7%
to
94.7%
to
94.7%
to
94.7%
radio
94.5%
in
94.5%
in
94.5%
with
94.4%
with
94.4%
with
94.4%
with
94.4%
sit
93.9%
sit
93.9%
silence.
93.7%
silence. x6
93.6%
no
93.6%
no
93.6%
no
93.6%
no
93.6%
fill
93.5%
fill
93.5%
lungs
93.5%
*Chorus
93.4%
*Chorus
93.4%
*Chorus
93.4%
I
93.4%
I
93.4%
I
93.4%
just
93.4%
I
93.4%
I
93.4%
I
93.4%
just
93.4%
I
93.4%
I
93.4%
I
93.4%
I
93.4%
I
93.4%
I
93.4%
I
93.3%
I
93.3%
I
93.3%
I
93.3%
I
93.3%
I
93.3%
ponder
93.2%
ponder
93.2%
% Correct
something
93.1%
something
93.1%
stole
92.9%
me
92.9%
me
92.9%
now
92.9%
now
92.8%
great.
92.7%
it
92.7%
it,
92.7%
it
92.7%
deflate.
92.7%
fire,
92.5%
know
92.4%
know
92.4%
know
92.4%
know
92.4%
time
92.3%
time
92.3%
somebody
92.1%
desire.
92.1%
then
92%
They
91.5%
have
91.4%
it's
91.3%
it's
91.3%
it's
91.3%
on
91.2%
exhale
91.1%
what
91.1%
what
91.1%
what
91.1%
today.
90.9%
often
90.9%
that
90.7%
that
90.7%
that
90.7%
that
90.7%
that
90.7%
thoughts
90.6%
replace
90.5%
these
90.1%
dire,
89.6%
cause
89.4%
cause
89.3%
bought,
89.3%
is
89%
is
89%
is
89%
is
89%
is
89%
is
89%
is
89%
ought
89%
once
88.2%
slot
87.5%
be
87.4%
be
87.3%
be
87.3%
this
86.8%
this
86.8%
there
86.3%
There
86.3%
there
86.3%
hide
85.6%
hide
85.6%
there's
84.4%
there's
84.4%
There's
84.4%
there's
84.4%
I'm
84%
I'm
84%
for
83.8%
for
83.8%
for
83.8%
sound
83%
sound.
83%
inside,
82.8%
inside
82.8%
driving
81.9%
hate
81.8%
terrifying
81.7%
behind.
81.7%
who
81.6%
killed
81.1%
reminding
80.7%
dream
80.6%
real.
80.5%
find
80.4%
find
80.4%
feel,
80.4%
we
80.1%
we
80.1%
we
80.1%
we
80.1%
Sometimes
80.1%
% Correct
longer
79.9%
wheel.
79.7%
violent.
79.6%
skin
79.5%
quiet
79.3%
deal
79.2%
sleeve
79.1%
one
79%
one
79%
think
79%
think
79%
think.
79%
pull
78.9%
forced
78.9%
steering
78.7%
hiding
78.6%
hard
78.3%
mask
78.2%
scream
78.2%
distraction
77.9%
fear,
77.7%
fear
77.7%
human
76.7%
like
76.7%
oh
76.6%
Oh
76.6%
do
76.4%
do,
76.4%
pride
76.2%
could
75.6%
had
75.2%
when
75%
please
74.5%
please
74.5%
better
74.5%
we're
73.8%
we're
73.8%
liked
73.5%
course
73.5%
dear,
73.1%
all
73%
stop
72.7%
try
72.6%
try
72.6%
battling
72.5%
existence
72.4%
thinking,
72.3%
don't
72.2%
faith
72%
faith
72%
awake
71.5%
awake
71.5%
alive
71.5%
things
71.2%
things
71.2%
things
71.2%
can
71.1%
because
71%
why
70.9%
need
70.9%
need
70.9%
deep,
70.6%
here.
70.3%
too
70.2%
are
70.2%
are
70.2%
over
69.7%
sleep,
69.3%
win
69%
am
68.9%
lose.
68.9%
you
68.9%
you
68.9%
us
68.8%
us
68.8%
every
68.6%
if
68.4%
pick
68.2%
consists
68.1%
from
67.7%
from
67.7%
peace
67.7%
come
66.8%
across
66.5%
rhyme
66%
dying
65.5%
let
65%
consistence
64.8%
two,
63.9%
two
63.9%
choose
63.6%
but
62%
our
60.2%
only
59.8%
work
54.7%

You're not logged in!

Compare scores with friends on all Sporcle quizzes.
Sign Up with Email
OR
Log In

You Might Also Like...

Show Comments

Extras

Top Quizzes Today


Score Distribution

Your Account Isn't Verified!

In order to create a playlist on Sporcle, you need to verify the email address you used during registration. Go to your Sporcle Settings to finish the process.